Online
Catalog

El proceso de reforma y modernización de las administraciones locales en República Dominicana : (Record no. 47277)

MARC details
000 -CABECERA
campo de control de longitud fija 00893nam a2200205 a 4500
001 - NÚMERO DE CONTROL
campo de control 000047789
005 - FECHA Y HORA DE LA ÚLTIMA TRANSACCIÓN
campo de control 20201002060734.0
008 - DATOS DE LONGITUD FIJA--INFORMACIÓN GENERAL
campo de control de longitud fija 180810s2017 dr abd 000 0 spa d
040 ## - FUENTE DE LA CATALOGACIÓN
Centro catalogador/agencia de origen DO-SdBNP
Lengua de catalogación spa
Centro/agencia transcriptor BNPHU
082 ## - NÚMERO DE LA CLASIFICACIÓN DECIMAL DEWEY
Número de clasificación xxxx
Número de documento/Ítem D668p
100 1# - ENTRADA PRINCIPAL--NOMBRE DE PERSONA
Nombre de persona Domella, Oscar
9 (RLIN) 75376
245 10 - MENCIÓN DE TÍTULO
Título El proceso de reforma y modernización de las administraciones locales en República Dominicana :
Resto del título la experiencia del programa Pascal, una visión retrospectiva en busca de aprendisajes a futuro /
Mención de responsabilidad, etc. Oscar Domella, Manuel Parras , Alice Auradou ; prólogo Alberto Navarro, Ricard Bardia.
260 ## - PUBLICACIÓN, DISTRIBUCIÓN, ETC.
Lugar de publicación, distribución, etc. Santo Domingo :
Nombre del editor, distribuidor, etc. Unión Europea, Eptisa
-- Búho,
Fecha de publicación, distribución, etc. 2017.
300 ## - DESCRIPCIÓN FÍSICA
Extensión 148 p. :
Otras características físicas il., mapas ;
Dimensiones 28 cm.
590 ## - NOTA LOCAL (RLIN)
Nota local Inventariado, 2020 /LP
700 1# - PUNTO DE ACCESO ADICIONAL--NOMBRE DE PERSONA
Nombre de persona Navarro, Alberto,
Término indicativo de función/relación pról.
9 (RLIN) 75377
700 1# - PUNTO DE ACCESO ADICIONAL--NOMBRE DE PERSONA
Nombre de persona Bardia, Ricard,
Término indicativo de función/relación pról.
9 (RLIN) 75378
700 1# - PUNTO DE ACCESO ADICIONAL--NOMBRE DE PERSONA
Nombre de persona Auradou, Alice
9 (RLIN) 75379
700 1# - PUNTO DE ACCESO ADICIONAL--NOMBRE DE PERSONA
Nombre de persona Parras, Manuel
9 (RLIN) 75380
Holdings
Estado de retiro Estado de pérdida Restricciones de uso No para préstamo Código de colección Localización permanente Ubicación/localización actual Ubicación en estantería Fecha de adquisición Número de inventario Total de préstamos Signatura topográfica completa Código de barras Fecha visto por última vez Número de copia Precio válido a partir de Tipo de ítem Koha
        Dominicana de Servicio General General Depósito 10.08.2018 LF1   xxxx D668p 47789-30 25.06.2020 e. 3 25.06.2020 Libro y Folleto Colección Dominicana de Servicio
      Excluido de préstamo Patrimonio Dominicano Patrimonio Dominicano Patrimonio Dominicano Depósito 10.08.2018 LF1   xxxx D668p 47789-10 25.06.2020   25.06.2020 Libro y Folleto Colección Patrimonio Dominicano
      Excluido de préstamo Patrimonio Dominicano Patrimonio Dominicano Patrimonio Dominicano Depósito 10.08.2018 LF1   xxxx D668p 47789-20 25.06.2020 e. 2 25.06.2020 Libro y Folleto Colección Patrimonio Dominicano

Powered by Koha